Movies Quiz

Random Movies or Pixar Quiz

Disney Settings Quiz Stats

 Plays Quiz Updated Jan 19, 2017

Support Sporcle.
Go Orange.
Score 0/25 Timer 06:00
5 Plays Today
Film Answer % Correct
MulanChina
88.1%
Lilo & StitchHawaii
87.9%
Peter PanNeverland
85.3%
RatatouilleParis
84.1%
Beauty and the BeastFrance
84%
Sword in the StoneEngland
80.9%
The Princess and the FrogNew Orleans
78.9%
Finding NemoSydney
78.2%
Oliver & CompanyNew York City
77.7%
Rescuers Down UnderAustralia
76%
The Many Adventures of Winnie the PoohHundred Acre Wood
61.2%
Great Mouse DetectiveLondon
60.4%
PocahontasVirginia colony
60.3%
Film Answer % Correct
Jungle BookIndia
59.5%
PinocchioItaly
54.6%
Emperor's New GroovePeru
48.7%
AladdinAgrabah
42.9%
BoltHollywood
38.5%
CarsRadiator Springs
36%
DumboFlorida
34.5%
Monsters Inc.Monstropolis
30.7%
The RescuersLouisiana
27%
UpVenezuela
20.2%
Wall-EAxiom
7.7%
Treasure PlanetRLS Legacy
3.6%

From the Vault

Tattoo My Body with... Sports Teams

by Flick

Sports 5m
We don't recommend getting 'World Champion' tattoos until your team ACTUALLY becomes a world champion.
Remove Ads.
Support Sporcle.
Get the best of Sporcle when you Go Orange. This ad-free experience offers more features, more stats, and more fun while also helping to support Sporcle. Thank you for becoming a member.

Show Comments

Extras

Top Quizzes Today


Score Distribution

Your Account Isn't Verified!

In order to create a playlist on Sporcle, you need to verify the email address you used during registration. Go to your Sporcle Settings to finish the process.

Report this User

Report this user for behavior that violates our Community Guidelines.

Details: